000 00279nam a22001337a 4500
008 170911b xxu||||| |||| 00| 0 eng d
020 _a9781905385003
041 _aeng
080 _a91
100 _a42
101 _aGJEO
245 _aGUERNSEY
_cANDREWS, CH
942 _2udc
_cBK
999 _c26931
_d26931